Statistics for Countries With the Most French Speakers

Click here to take the quiz!

General Stats

  • This quiz has been taken 3,450 times
  • The average score is 15 of 20

Answer Stats

# Speaker%Country% Correct
63.6 mil97.1France
100%
10.9 mil29.4Canada
92%
8.67 mil75.4Belgium
90%
27.8 mil62.8Algeria
87%
5.73 mil67.1Switzerland
86%
42.5 mil50.6D.R. Congo
83%
12.7 mil35.1Morocco
83%
12.2 mil14.8Germany
80%
10.9 mil16.4United Kingdom
79%
5.44 mil11.7Spain
78%
11.5 mil19.4Italy
76%
4.21 mil25.8Senegal
75%
6.08 mil52.1Tunisia
74%
8.25 mil33.1Ivory Coast
72%
10.0 mil40.5Cameroon
69%
3.31 mil25.4Guinea
62%
3.82 mil33.2Benin
56%
4.66 mil42.0Haiti
55%
4.75 mil24.0Burkina Faso
52%
5.25 mil20.0Madagascar
47%

Score Distribution

Percentile by Number Answered

Percent of People with Each Score

Your Score History

You have not taken this quiz